书目信息 |
| 题名: |
建筑装饰工程计价
|
|
| 作者: | 肖伦斌 主编 | |
| 分册: | ||
| 出版信息: | 武汉 武汉理工大学出版社 2004.08 |
|
| 页数: | 127页 | |
| 开本: | 26cm | |
| 丛书名: | 高职高专建筑装饰专业系列教材 | |
| 单 册: | ||
| 中图分类: | TU723.3 | |
| 科图分类: | ||
| 主题词: | 建筑装饰--工程造价--高等教育--教材 | |
| 电子资源: | ||
| ISBN: | 7-5629-2114-8 | |
| 000 | 00921nam 2200253 450 | |
| 001 | 0131884781 | |
| 005 | 20050504084412.26 | |
| 010 | @a7-5629-2114-8@d13.00CNY | |
| 100 | @a20050310d2004 km y0chiy0120 ea | |
| 101 | 0 | @achi |
| 102 | @aCN@b420000 | |
| 105 | @aa a 000yy | |
| 200 | 1 | @a建筑装饰工程计价@Ajian zhu zhuang shi gong cheng ji jia@f肖伦斌主编@Fxiao lun bin zhu bian |
| 210 | @a武汉@c武汉理工大学出版社@d2004.08 | |
| 215 | @a127页@d26cm | |
| 225 | 2 | @a高职高专建筑装饰专业系列教材@v8 |
| 320 | @a有书目。 | |
| 330 | @a本书包括基本建设的相关知识,工程建设定额综述,人工、材料、机械台班单价的确定,装饰工程费用及其清单计价,装饰工程工程量清单计价规则及装饰工程投标报价等内容。 | |
| 410 | 0 | @12001 @a高职高专建筑装饰专业系列教材 |
| 606 | 0 | @a建筑装饰@x工程造价@x高等教育@x教材 |
| 690 | @aTU723.3@v4 | |
| 701 | 0 | @a肖伦斌@Axiao lun bin@4主编 |
| 801 | 0 | @aCN@bQSSK@c20050504 |
| 905 | @a10447@dTU723.3@eX293 | |
| 建筑装饰工程计价/肖伦斌主编.-武汉:武汉理工大学出版社,2004.08 |
| 127页;26cm.-(高职高专建筑装饰专业系列教材;8) |
| ISBN 7-5629-2114-8:13.00CNY |
| 本书包括基本建设的相关知识,工程建设定额综述,人工、材料、机械台班单价的确定,装饰工程费用及其清单计价,装饰工程工程量清单计价规则及装饰工程投标报价等内容。 |
| ● |
| 相关链接 |
|
|
|
正题名:建筑装饰工程计价
索取号:TU723.3/X293
 
预约/预借
| 序号 | 登录号 | 条形码 | 馆藏地/架位号 | 状态 | 备注 |
| 1 | 498306 | 204983063 | 建筑库201/201建筑库 38排1列2层/ [索取号:TU723.3/X293] | 在馆 | |
| 2 | 498307 | 204983072 | 建筑库201/201建筑库 38排1列2层/ [索取号:TU723.3/X293] | 在馆 | |
| 3 | 498308 | 204983081 | 建筑库201/201建筑库 38排1列2层/ [索取号:TU723.3/X293] | 在馆 |